|
|
|
|
| LEADER |
03861nam a22003733i 4500 |
| 001 |
EBC6734026 |
| 003 |
MiAaPQ |
| 005 |
20231204023218.0 |
| 006 |
m o d | |
| 007 |
cr cnu|||||||| |
| 008 |
231204s2018 xx o ||||0 fre d |
| 020 |
|
|
|a 9782759224821
|q (electronic bk.)
|
| 035 |
|
|
|a (MiAaPQ)EBC6734026
|
| 035 |
|
|
|a (Au-PeEL)EBL6734026
|
| 035 |
|
|
|a (OCoLC)1126207024
|
| 040 |
|
|
|a MiAaPQ
|b eng
|e rda
|e pn
|c MiAaPQ
|d MiAaPQ
|
| 100 |
1 |
|
|a Gouguet, Loïc.
|
| 245 |
1 |
0 |
|a Guide de Gestion des Dunes et des Plages Associées.
|
| 264 |
|
1 |
|a Versailles :
|b Quae,
|c 2018.
|
| 264 |
|
4 |
|c {copy}2023.
|
| 300 |
|
|
|a 1 online resource (225 pages)
|
| 336 |
|
|
|a text
|b txt
|2 rdacontent
|
| 337 |
|
|
|a computer
|b c
|2 rdamedia
|
| 338 |
|
|
|a online resource
|b cr
|2 rdacarrier
|
| 490 |
1 |
|
|a Guide Pratique Series
|
| 505 |
0 |
|
|a Intro -- Sommaire -- Remerciements -- Préface -- Introduction -- Présentation du guide -- À qui s'adresse ce guide ? -- Plan du guide -- Les différents types de dunes, leur formation et leur évolution -- La formation des dunes, le système plage-dune -- La naissance -- Les phénomènes naturels en jeu -- Le fonctionnement du système plage-dune : le bilan sédimentaire -- Les différents types de dunes littorales -- Les formes dunaires globales -- Les différents profils des dunes littorales -- La dynamique des dunes -- L'évolution du contact entre la plage et la dune -- Exhaussement et bossellement sur la dune bordière -- Le rôle de la végétation -- Une adaptation remarquable -- La végétation de haut de plage -- La végétation de la dune embryonnaire -- La dune blanche -- La dune de transition -- La dune grise -- De la mer à la forêt : des habitats naturels bien différenciés -- La dune : un milieu rude -- Les milieux dunaires secs -- Les milieux dunaires humides -- Les dunes françaises -- Les dunes de la Manche et de la mer du Nord -- Les dunes atlantiques -- Les dunes méditerranéennes -- Les dunes ultramarines -- Les dunes et les hommes -- Du vide au trop-plein ! -- Des zones inhospitalières… -- … à une ruée vers le littoral -- Des usages traditionnels et contemporains multiples -- Les usages agricoles et forestiers -- Des lieux de passage largement empruntés -- Les prélèvements de sable -- L'urbanisation -- Les ouvrages et les systèmes de défense contre la mer -- Protéger les dunes : les politiques publiques de protection -- Préserver une biodiversité remarquable -- Prendre en compte les risques naturels -- Les dunes face aux tempêtes -- Le cas aquitain : protection et vulnérabilité, xixe-xxe siècles -- … et l'avenir ? -- Les modalités de gestion -- Acteurs et stratégies de gestion des dunes -- Les principaux gestionnaires et propriétaires.
|
| 505 |
8 |
|
|a Les stratégies de gestion -- Organisation de la gestion -- La connaissance et le diagnostic -- La surveillance et l'évaluation -- Les entretiens -- Les travaux d'aménagement -- La gestion des situations d'urgence -- Fiches des techniques d'intervention -- Utiliser le vent et la végétation pour piéger le sable -- Organiser la fréquentation -- Gérer le stock de sable -- Conclusion -- Glossaire -- Bibliographie.
|
| 588 |
|
|
|a Description based on publisher supplied metadata and other sources.
|
| 590 |
|
|
|a Electronic reproduction. Ann Arbor, Michigan : ProQuest Ebook Central, 2023. Available via World Wide Web. Access may be limited to ProQuest Ebook Central affiliated libraries.
|
| 655 |
|
4 |
|a Electronic books.
|
| 776 |
0 |
8 |
|i Print version:
|a Gouguet, Loïc
|t Guide de Gestion des Dunes et des Plages Associées
|d Versailles : Quae,c2018
|
| 797 |
2 |
|
|a ProQuest (Firm)
|
| 830 |
|
0 |
|a Guide Pratique Series
|
| 856 |
4 |
0 |
|u https://ebookcentral.proquest.com/lib/matrademy/detail.action?docID=6734026
|z Click to View
|